000 01329cam a2200181 4500500
005 20260322002422.0
041 _afre
042 _adc
100 1 0 _aCheriet, Foued
_eauthor
700 1 0 _aHannin, Hervé
_eauthor
700 1 0 _aChaillard, Marine
_eauthor
245 0 0 _aCrisis context and wine business transfer difficulties’
260 _c2026.
500 _a75
520 _aIn viticulture, the challenges of generational renewal linked to the installation-transmission processes of farms are part of an uncertain economic environment The approach is exploratory and based on a collection of quantitative and qualitative data from winegrowers and institutional actors in the Rhône Valley. The authors seek to better understand the conditions, motivations, and difficulties encountered by sellers and buyers in the transmission process of wine-growing farms. The sellers do not appear sufficiently prepared, and mention difficulties to identify a buyer or a transfer project that meets their expectations. Young farmers highlight difficulties which could lead some of them to stop their installation project. (JEL: Q13, Q15, R12).
786 0 _nÉconomie rurale | 395 | 1 | 2026-03-12 | p. 87-100 | 0013-0559
856 4 1 _uhttps://shs.cairn.info/journal-economie-rurale-2026-1-page-87?lang=en&redirect-ssocas=7080
999 _c1723254
_d1723253